[Event "Zuerich op-B 30th"]
[Site "Zuerich"]
[Date "2006.12.26"]
[Round "4"]
[White "Zysset, Heinz"]
[Black "Kuenzli, Simon"]
[Result "0-1"]
[WhiteElo "1864"]
[BlackElo "1964"]
[PlyCount "58"]
[EventDate "2006.12.26"]
[EventType "swiss"]
[EventRounds "7"]
[EventCountry "SUI"]
[SourceTitle "CBM 116 Extra"]
[Source "ChessBase"]
[SourceDate "2007.03.07"]
[SourceVersion "1"]
[SourceVersionDate "2007.03.07"]
[SourceQuality "1"]

1. e4 c5 2. Nf3 d6 3. Nc3 Nf6 4. d4 cxd4 5. Nxd4 a6 6. Bg5 e6 7. Be2 Be7 8. 0-0 0-0 9. Kh1 Qc7 10. f4 b5 11. Bf3 Bb7 12. a3 Nbd7 13. Qe1 Nb6 14. e5 dxe5 15. fxe5 Nfd5 16. Bxe7 Qxe7 17. Ne4 Nc4 18. Qg3 Rad8 19. b3 Nde3 20. Nf6+ Kh8 21. Bxb7 Nxf1 22. Qd3 gxf6 23. bxc4 Qxb7 24. exf6 Rg8 25. Qxf1 Rxd4 26. cxb5 axb5 27. c3 Rd2 28. Qf3 Qxf3 29. gxf3 Rgd8 0-1

[Event "Nagler Memorial op"]
[Site "Zuerich"]
[Date "1998.08.16"]
[Round "9"]
[White "Zysset, Heinz"]
[Black "Glur, Erwin"]
[Result "1-0"]
[WhiteElo "1781"]
[BlackElo "2002"]
[PlyCount "71"]
[EventDate "1998.08.08"]
[EventType "swiss"]
[EventRounds "9"]
[EventCountry "SUI"]
[SourceTitle "EXT 2006"]
[Source "ChessBase"]
[SourceDate "2005.11.24"]
[SourceVersion "1"]
[SourceVersionDate "2005.11.24"]
[SourceQuality "1"]

1. e4 c6 2. d4 d5 3. Nc3 g6 4. exd5 cxd5 5. Bb5+ Nc6 6. Nf3 a6 7. Bxc6+ bxc6 8. h3 Nf6 9. 0-0 Bg7 10. Re1 0-0 11. Bf4 Nd7 12. Qd2 f6 13. Re6 Ne5 14. Rxe5 fxe5 15. dxe5 e6 16. Be3 Qa5 17. b4 Qc7 18. Bc5 Re8 19. Bd6 Qd8 20. Nh2 Ra7 21. Na4 Rf7 22. Nc5 Bf8 23. Ng4 Bxd6 24. Nh6+ Kg7 25. Nxf7 Kxf7 26. Qf4+ Kg8 27. exd6 e5 28. Qe3 Qxd6 29. Rd1 Rf8 30. c3 Rf4 31. g3 Rc4 32. Ne4 Qe7 33. Nd2 d4 34. cxd4 Rxd4 35. Re1 Bxh3 36. Qxd4 1-0